Quiz z jakiego państwa jest ten samochód - Statystyki

Ogólne statystyki
  • Ten quiz został rozwiązany 47 razy
    18 od ostatniego zresetowania
  • Średni wynik to 8 z 10
Statystyki odpowiedzi
pytanie odpowiedź % Poprawnych
Renault Francja
100%
Fiat Francja
100%
Nissan Japonia
100%
Bmw Niemcy
100%
Polones Polska
100%
Chevrolet Stany zjednoczone
100%
Volvo Szwecja
100%
Ferrari Włochy
94%
Atlas Chiny
44%
Hyundai Powódniowa Korea
0%
Nie znaleziono quizów pasujących do podanych kryteriów
Rozkład punktacji
Procent ludzi z każdym wynikiem
Percentyl według liczby udzielonych odpowiedzi
Twoja historia wyników
Nie rozwiązałeś tego quizu od ostatniego zresetowania